000 00279nam a22001217a 4500
008 171030b xxu||||| |||| 00| 0 eng d
041 _aeng
080 _a336
100 _a56
101 _aFIN
245 _aMONEY, BANKING, AND CENTRAL BANKING
_cTIMBERLAKE,R.H
942 _2udc
_cBK
999 _c36359
_d36359